[Event "St Pauli Open"]
[Site "Hamburg GER"]
[Date "2011.07.15"]
[Round "8.23"]
[White "Neiss,JM"]
[Black "Magnussen,H"]
[Result "1-0"]
[WhiteElo "2076"]
[BlackElo "2137"]

1.Nf3 e6 2.c4 d5 3.g3 Nf6 4.b3 Be7 5.Bb2 O-O 6.Bg2 c5 7.cxd5 exd5 8.d4 Nc6
9.O-O Ne4 10.dxc5 Bxc5 11.e3 Bf5 12.a3 a5 13.Nc3 Nxc3 14.Bxc3 Be4 15.Nd4 Qg5
16.Bxe4 dxe4 17.Nxc6 bxc6 18.b4 Bb6 19.Qc2 axb4 20.axb4 Qd5 21.Rfd1 Qc4 22.Qb2 f6
23.Rd7 Rfd8 24.Rxa8 Rxa8 25.Bxf6 Ra7 26.Qe5 h6 27.Qb8+ Kh7 28.Rxa7 Bxa7 29.Qxa7 Qg8
30.Bd4 Qf8 31.f3 exf3 32.Qxg7+ Qxg7 33.Bxg7 Kxg7 34.Kf2 Kf6 35.Kxf3 Ke5 36.g4 Kd5
37.h4  1-0

[Event "SPA Open A"]
[Site "Amsterdam NED"]
[Date "2011.07.17"]
[Round "9"]
[White "Neverov,V"]
[Black "Bezemer,A"]
[Result "1-0"]
[WhiteElo "2500"]
[BlackElo "2348"]

1.c4 e6 2.Nf3 d5 3.b3 d4 4.g3 Nc6 5.Bg2 Nf6 6.O-O Be7 7.e3 e5 8.Bb2 O-O 9.exd4 exd4
10.Na3 Re8 11.d3 Bc5 12.Nc2 a5 13.a3 Bg4 14.h3 Bh5 15.g4 Bg6 16.Nh4 Qd6 17.Nxg6 hxg6
18.Bc1 Rab8 19.Re1 Rxe1+ 20.Qxe1 b5 21.cxb5 Ne5 22.b4 axb4 23.axb4 Bb6 24.Bf4 Nf3+
25.Bxf3 Qxf4 26.Bc6 Nh7 27.Na3 Ng5 28.Qf1 f5 29.Qg2 Rf8 30.Nc4 fxg4 31.hxg4 Nf3+
32.Qxf3 Qxf3 33.Bxf3 Rxf3 34.Ra8+ Kh7 35.Ne5 Rf6 36.Re8 g5 37.Kg2 Rd6 38.Nc4 Rd5
39.Re5 Rd8 40.Rxg5 g6 41.Re5  1-0

[Event "3rd Artemis Cup"]
[Site "Leros GRE"]
[Date "2011.07.18"]
[Round "8.5"]
[White "Jeremic,V"]
[Black "Zawadzka,J"]
[Result "1-0"]
[WhiteElo "2519"]
[BlackElo "2405"]

1.c4 e6 2.Nf3 d5 3.g3 Nf6 4.Bg2 dxc4 5.Qa4+ Nbd7 6.Qxc4 a6 7.Qc2 Be7 8.O-O O-O
9.d4 c6 10.Nbd2 Qc7 11.Nc4 b5 12.Bf4 Qa7 13.Na5 Bb7 14.a3 b4 15.Nxc6 Bxc6
16.Qxc6 Rac8 17.Qa4 Nb6 18.Qb3 bxa3 19.bxa3 Nfd5 20.Rfc1 Nxf4 21.gxf4 Nd5
22.e3 Rxc1+ 23.Rxc1 Rb8 24.Qa2 Bd6 25.Rc6 Qd7 26.Rxa6 Qc7 27.Bf1 Bf8 28.Qc4 Qb7
29.Ne5 Qb1 30.Rc6 Bxa3 31.Rc8+ Rxc8 32.Qxc8+ Bf8 33.Qd7 Ne7 34.Qe8 Qf5 35.Bd3 Qh5
36.Be2 Qf5 37.Bg4 Qb1+ 38.Kg2 Qb7+ 39.Bf3 Nd5 40.Nd7 Qb4 41.Bxd5 exd5 42.f5 h6
43.Kf3 Qd6 44.Qxf8+ Qxf8 45.Nxf8 Kxf8 46.Kf4 f6 47.Kg4  1-0

[Event "Biel MTO Open"]
[Site "Biel SUI"]
[Date "2011.07.20"]
[Round "3"]
[White "Shankland,S"]
[Black "Nezad,H"]
[Result "1/2-1/2"]
[WhiteElo "2539"]
[BlackElo "2423"]

1.c4 e6 2.Nf3 d5 3.g3 Nf6 4.Bg2 dxc4 5.O-O a6 6.a4 Nc6 7.Na3 Na5 8.Qc2 Qd5
9.Ne1 Qc5 10.d3 Nb3 11.Rb1 Nxc1 12.Rxc1 cxd3 13.Qxc5 Bxc5 14.Nxd3 Bd6 15.Nc4 O-O
16.Rfd1 Rb8 17.Nde5 Rd8 18.Nxd6 Rxd6 19.Nd3 Bd7 20.Nc5 Kf8 21.Nxd7+ Nxd7
22.Rxd6 cxd6 23.Rc7 Ke7 24.Rxb7  1/2-1/2

[Event "I Goi Mailako Centre GM"]
[Site "Donostia ESP"]
[Date "2011.07.20"]
[Round "10"]
[White "Argandona Riveiro,I"]
[Black "Flear,G"]
[Result "1/2-1/2"]
[WhiteElo "2388"]
[BlackElo "2483"]

1.c4 e6 2.Nf3 d5 3.g3 dxc4 4.Bg2 Nd7 5.Qa4 a6 6.Qxc4 b5 7.Qc2 Bb7 8.O-O Ngf6
9.a4 c5 10.Nc3 Bc6 11.axb5 axb5 12.Rxa8 Qxa8 13.Ne1 Bxg2 14.Nxg2 Qc6 15.Qb3 b4
16.Qa4 Nb8 17.Qxc6+ Nxc6 18.Na4 Nd4 19.Re1 Be7 20.d3 Nd7 21.Ne3 O-O 22.Nc4 Ra8
23.Nab6 Nxb6 24.Nxb6 Ra1 25.Kf1 Nc2 26.Rd1 Bf6 27.Nc4 h5 28.e3 Ra2 29.Rd2 Na1
30.Ke2 Kf8 31.Kd1 Ke7 32.Re2 Kd7 33.f4 Kc6 34.Rf2 Ra7 35.Nd2 Rd7 36.Ke2 g6
37.h3 Kb5 38.g4 hxg4 39.hxg4 Ka4 40.f5 exf5 41.gxf5 Bd8 42.fxg6 fxg6 43.Nc4 Nb3
44.Bd2 g5 45.Rg2 Rh7 46.Rf2 g4 47.Rg2 Rg7 48.Be1 Bf6 49.Kd1 Na5 50.Nxa5 Kxa5
51.Kc2 Ka4 52.b3+ Kb5 53.Kd1 Be5 54.Ke2 Bc3 55.Bh4 Kc6 56.Be1 Be5 57.d4 Bd6
58.Kd3 cxd4 59.Kxd4 Bc5+ 60.Kc4 Bxe3 61.Bxb4 g3 62.Be1 Bf4 63.Kd4 Bd6 64.b4 Kb5
65.Kd5 Bc7 66.Kd4 Rd7+ 67.Kc3 Re7 68.Bxg3 Re3+ 69.Kd2 Rxg3 70.Rxg3 Bxg3  1/2-1/2

[Event "TCh-Euro Open Girls"]
[Site "Iasi ROU"]
[Date "2011.07.20"]
[Round "6.2"]
[White "Kabai,Z"]
[Black "Foisor,M"]
[Result "1/2-1/2"]
[WhiteElo "2146"]
[BlackElo "2217"]

1.c4 e6 2.Nf3 d5 3.g3 Nf6 4.Bg2 c5 5.cxd5 Nxd5 6.O-O Nc6 7.d4 Be7 8.dxc5 Bxc5
9.Qc2 Be7 10.Rd1 Bd7 11.e4 Nb6 12.Be3 O-O 13.Qe2 Qc7 14.Nc3 Rad8 15.Rac1 Qb8
16.Nb5 e5 17.Nc3 Be6 18.Bxb6 axb6 19.Nd5 Bc5 20.a3 Nd4 21.Nxd4 Bxd4 22.Rc2 Qd6
23.Kh1 f5 24.Rcd2 Bxd5 25.exd5 f4 26.Qg4 Rf6 27.Be4 fxg3 28.fxg3 Rdf8 29.Qh3 g6
30.Rc2 R6f7 31.Qe6 Qxe6 32.dxe6 Re7 33.Bd5 Rd8 34.Ba2 Kg7 35.Kg2 Rf8 36.Bd5 Rd8
37.Ba2 Rf8 38.Bd5 Rd8  1/2-1/2

[Event "15th Battle of Senta Open"]
[Site "Senta SRB"]
[Date "2011.07.21"]
[Round "7.10"]
[White "Farkas,Ti"]
[Black "Desnica,V"]
[Result "0-1"]
[WhiteElo "2260"]
[BlackElo "2177"]

1.c4 e6 2.Nf3 d5 3.g3 dxc4 4.Qa4+ Nd7 5.Bg2 a6 6.Qxc4 b5 7.Qc6 Rb8 8.d4 Bb7
9.Qc2 Ngf6 10.Bg5 Be7 11.Nbd2 Rc8 12.Nb3 c5 13.dxc5 Nxc5 14.Nxc5 Rxc5 15.Qd2 Rd5
16.Qc1 Rc5 17.Qd2 Qc8 18.Bxf6 Bxf6 19.O-O Rc2 20.Rac1 Rxd2 21.Rxc8+ Bxc8
22.Nxd2 Bxb2 23.Rb1 Ba3 24.Rb3 Be7 25.Rc3 O-O 26.Rc7 Bd6 27.Rc6 Bb4 28.Nb3 Rd8
29.Bf3 e5 30.Rb6 Kf8 31.Bb7 Bh3 32.f3 Be1 33.Rc6 Rd1 34.Rc1 Rxc1 35.Nxc1 a5
36.Bc6 b4 37.Nb3 Be6 38.e4 Bc4 39.Ba4 Ke7 40.Nxa5 Bxa2 41.Nb3 Bb1 42.Kf1 Bc3
43.Na5 f5 44.exf5 Bxf5 45.Ke2 Kd6 46.g4 Bg6 47.Bb3 Kc5 48.Be6 Bc2 49.Nb3+ Kb5
50.Bd7+ Kb6 51.Be6 Kc6 52.Ke3 Kd6 53.Bc4 Ke7 54.h4 Be1 55.h5 Kf6 56.Nc5 Kg5
57.Bd5 Kh4 58.Ke2 Bc3 59.Nb3 Kg3 60.Nc5 Bd4 61.Nb3 h6 62.Nd2 Kf4 63.Nb3 Bb6
64.Nd2 Bd4 65.Nb3 Be3 66.Na1 Bh7 67.Nb3 e4 68.fxe4 Bxe4 69.Be6 Bf3+ 70.Kd3 Ba7  0-1

[Event "XXIX Andorra Open"]
[Site "Arinsal AND"]
[Date "2011.07.23"]
[Round "8.6"]
[White "Iturrizaga,E"]
[Black "Peralta,Fe"]
[Result "1-0"]
[WhiteElo "2603"]
[BlackElo "2601"]

1.c4 e6 2.Nf3 d5 3.d4 Nf6 4.e3 c5 5.a3 cxd4 6.exd4 Be7 7.Nc3 O-O 8.c5 Ne4
9.Qc2 f5 10.b4 Bf6 11.Bd3 Nc6 12.Ne2 b6 13.Bb2 bxc5 14.dxc5 Rb8 15.Ned4 Ne7
16.O-O e5 17.Nb3 Ng6 18.Rfd1 Qe8 19.Ne1 Nf4 20.Bf1 Qg6 21.g3 d4 22.Kh1 Nd5
23.Bc4 Be6 24.f3 Kh8 25.Ng2 Nxg3+ 26.hxg3 Qxg3 27.Rd3 Qg6 28.Re1 e4 29.Rxd4 exf3
30.Rxe6 Qh5+ 31.Kg1 fxg2 32.Qxg2 Bxd4+ 33.Bxd4 Nf6 34.Re7 Qd1+ 35.Kh2 Ng4+
36.Kh3 Rg8 37.Bxg8 Rxg8 38.Bxg7+  1-0

[Event "Helmut-Kohls-Turnier 2011"]
[Site "Dortmund GER"]
[Date "2011.07.23"]
[Round "2"]
[White "Schmittdiel,E"]
[Black "Michalczak,T"]
[Result "1/2-1/2"]
[WhiteElo "2484"]
[BlackElo "2325"]

1.c4 e6 2.Nf3 d5 3.b3 Nf6 4.Bb2 Be7 5.g3 O-O 6.Bg2 b6 7.O-O Bb7 8.e3 dxc4
9.bxc4 c5 10.Qe2 Nc6 11.d4 Rc8 12.Rd1 cxd4 13.exd4 Rc7 14.Nbd2 Qa8 15.Nf1 Na5
16.Ne3 Rfc8 17.Rac1 h6 18.h3 a6 19.Kh2 Be4 20.Bh1 b5 21.d5 exd5 22.cxb5 Rxc1
23.Bxc1 axb5 24.Nd4 Bxh1 25.Rxh1 b4 26.Ndf5 Nc6 27.Ng4 Nxg4+ 28.Qxg4 Bf6
29.Nxh6+ Kf8 30.Re1 Ne7 31.Qxb4 Qa7 32.Qf4 Rc4 33.Qf3 Rc3 34.Qf4 Rc4 35.Qf3 Rc3
36.Qf4 Rc4  1/2-1/2

[Event "XXXVII Open"]
[Site "Sitges ESP"]
[Date "2011.07.26"]
[Round "5"]
[White "Beltran Rueda,S"]
[Black "Cruz,Cr"]
[Result "0-1"]
[WhiteElo "2376"]
[BlackElo "2470"]

1.Nf3 e6 2.c4 d5 3.g3 c6 4.b3 Nf6 5.Bg2 Be7 6.O-O O-O 7.Bb2 a5 8.d3 Nbd7
9.a3 Bd6 10.cxd5 exd5 11.Nbd2 Nc5 12.Nd4 Re8 13.Qc2 Bg4 14.e4 Qd7 15.f3 dxe4
16.dxe4 Ne6 17.Ne2 Bh5 18.Kh1 Bc7 19.Nc4 Qe7 20.Ne3 Qc5 21.Qxc5 Nxc5 22.Bxf6 gxf6
23.g4 Bg6 24.Rab1 Rad8 25.Rfc1 Nxe4 26.fxe4 Bxe4 27.Rb2 Bd3  0-1

[Event "19th St Affrique Open"]
[Site "Saint Affrique FRA"]
[Date "2011.07.28"]
[Round "7.4"]
[White "Kukov,V"]
[Black "Flear,G"]
[Result "1/2-1/2"]
[WhiteElo "2377"]
[BlackElo "2483"]

1.c4 e6 2.Nf3 d5 3.g3 dxc4 4.Qa4+ Bd7 5.Qxc4 c5 6.Ne5 Nc6 7.Nxd7 Qxd7 8.Bg2 Nf6
9.O-O Be7 10.Qa4 Rc8 11.d3 b6 12.Na3 O-O 13.Nc4 Nd5 14.Ne3 Nxe3 15.Bxe3  1/2-1/2

[Event "9th Metropolitan Invitational"]
[Site "Los Angeles USA"]
[Date "2011.07.29"]
[Round "4"]
[White "Banawa,Joe"]
[Black "Nunez Hirales,J"]
[Result "1-0"]
[WhiteElo "2374"]
[BlackElo "2078"]

1.c4 e6 2.Nf3 d5 3.d4 c6 4.g3 Nf6 5.Bg2 Bd6 6.O-O O-O 7.Nc3 Nbd7 8.Nd2 Re8
9.e4 dxe4 10.Ndxe4 Nxe4 11.Nxe4 Be7 12.Bf4 Nf6 13.Nc3 Bd6 14.Be3 Qc7 15.Rc1 Bd7
16.Bg5 Be7 17.Re1 Rad8 18.Qb3 Bc8 19.Red1 Qa5 20.Bf4 Bd6 21.Bxd6 Rxd6 22.d5 exd5
23.cxd5 Bg4 24.Re1 Rxe1+ 25.Rxe1 Qd8 26.Qxb7 cxd5 27.Nxd5 Nxd5 28.Bxd5 Bh5
29.Qb5 Rd7 30.Kg2 Bg6 31.Bc6  1-0

[Event "5th AD San Juan Open"]
[Site "Pamplona ESP"]
[Date "2011.07.29"]
[Round "6"]
[White "Iturrizaga,E"]
[Black "Ninov,N"]
[Result "1-0"]
[WhiteElo "2603"]
[BlackElo "2518"]

1.c4 e6 2.Nf3 d5 3.d4 Nf6 4.e3 dxc4 5.Bxc4 a6 6.O-O c5 7.Bb3 Nc6 8.Qe2 cxd4
9.Rd1 Bd7 10.exd4 Be7 11.Nc3 O-O 12.Ne5 Nb4 13.a3 Nbd5 14.Rd3 Bb5 15.Nxb5 axb5
16.Rh3 b4 17.a4 Ne8 18.Bd2 g6 19.Ng4 Ng7 20.Nh6+ Kh8 21.Ng4 Nf5 22.Rd3 Ra6
23.Re1 Rd6 24.Ne5 f6 25.Nf3 Rc6 26.Qe4 h5 27.h3 Rf7 28.Nh4 Nxh4 29.Qxh4 f5
30.Qg3 Kg7 31.Qf3 Bf8 32.Rxe6 Rxe6 33.Bxd5 Qd7 34.Bxe6 Qxe6 35.Bf4 Rd7 36.Re3 Qd5
37.Qg3 Kf7 38.Be5 Bh6 39.Re1 Re7 40.f4 Re6 41.Rc1 Bf8 42.Rc7+ Re7 43.Rc5 Qa2
44.b3 Rd7 45.Rc4 Qe2 46.Kh2 Be7 47.Rc1 h4 48.Qf3 Qxf3 49.gxf3 Ke6 50.Rc4 Kd5
51.Kg2 g5 52.fxg5 Bxg5 53.Rxb4 Be3 54.Kf1 f4 55.Ke2 Kc6 56.Rc4+ Kb6 57.Kd3 Ka6
58.Ke4 Rd8 59.d5 Rg8 60.d6  1-0

[Event "TCh-POR 1st Div"]
[Site "Torres Vedras POR"]
[Date "2011.07.29"]
[Round "7.5"]
[White "Damaso,R"]
[Black "Coimbra,M"]
[Result "1/2-1/2"]
[WhiteElo "2371"]
[BlackElo "2113"]

1.c4 e6 2.Nf3 d5 3.g3 Nf6 4.Bg2 c6 5.O-O Nbd7 6.Qc2 Be7 7.d4 O-O 8.Nbd2 b6
9.e4 Ba6 10.b3 c5 11.exd5 exd5 12.Bb2 Rc8 13.Rfe1 cxd4 14.Nxd4 b5 15.Qf5  1/2-1/2

[Event "15th HZ Open"]
[Site "Vlissingen NED"]
[Date "2011.08.01"]
[Round "4"]
[White "Bosboom,M"]
[Black "Landa,K"]
[Result "0-1"]
[WhiteElo "2399"]
[BlackElo "2628"]

1.c4 e6 2.Nf3 d5 3.e3 Nf6 4.a3 c5 5.d4 b6 6.cxd5 exd5 7.Bb5+ Bd7 8.Be2 Bd6
9.Nc3 Bc6 10.Ne5 Bxe5 11.dxe5 Ne4 12.Nxe4 dxe4 13.Qxd8+ Kxd8 14.b4 Nd7 15.Bb2 Re8
16.f4 exf3 17.gxf3 Nxe5 18.Kf2 g6 19.Rhd1+ Kc7 20.bxc5 bxc5 21.Rac1 Nd7 22.Bc3 a5
23.e4 f6 24.h4 h6 25.Bf1 g5 26.Bh3 Ne5 27.Bf5 a4 28.hxg5 hxg5 29.Kg3 Ra7
30.Rh1 Kb6 31.Bd2 Rd8 32.Be3 Ra5 33.Rb1+ Rb5 34.Rxb5+ Bxb5 35.Rh6 Rd3 36.Rxf6+ Bc6
37.Kf2 Rxa3 38.Re6 Nd3+ 39.Kg3 Ne1 40.Kf2 Nc2 41.Rg6 Rxe3 42.Bd7 a3 43.Bxc6 Rc3
44.Bd5+ Kb5 45.Rxg5 c4 46.e5 a2 47.Rg1 Kc5 48.Be4 a1=Q 49.Rxa1 Nxa1 50.f4 Kd4  0-1

[Event "15th HZ Open"]
[Site "Vlissingen NED"]
[Date "2011.08.04"]
[Round "7"]
[White "Bosboom,M"]
[Black "Lacrosse,M"]
[Result "1-0"]
[WhiteElo "2399"]
[BlackElo "2185"]

1.c4 e6 2.Nf3 d5 3.e3 Nf6 4.a3 c5 5.d4 dxc4 6.Bxc4 a6 7.O-O b5 8.Ba2 Bb7
9.Qe2 Nbd7 10.Rd1 Qc8 11.Nc3 Be7 12.dxc5 Nxc5 13.e4 Ncxe4 14.Nxe4 Bxe4 15.Bf4 O-O
16.Ng5 Qb7 17.Rac1 Rac8 18.Nxe6 Rxc1 19.Rxc1 fxe6 20.Bxe6+ Kh8 21.Rc7 Qb8
22.Bb3 Qd8 23.Rxe7 Qxe7 24.f3 Re8 25.fxe4 Qxe4 26.Qf1 Nh5 27.Bc1 Qe1 28.Bd1 Nf6
29.Bf3 Qxf1+ 30.Kxf1 Rc8 31.Bd2 Kg8 32.Bc3 Rc7 33.g4 h6 34.h4 Kf7 35.g5 hxg5
36.hxg5 Ne8 37.Ke2 Kg6 38.Bd2 Nd6 39.b3 Re7+ 40.Kd3 Nf5  1-0

[Event "Politiken Cup"]
[Site "Helsingor DEN"]
[Date "2011.08.06"]
[Round "9.11"]
[White "Ruck,R1"]
[Black "Sbarra,M"]
[Result "1-0"]
[WhiteElo "2569"]
[BlackElo "2266"]

1.c4 e6 2.Nf3 d5 3.d4 c5 4.cxd5 exd5 5.Nc3 Nc6 6.g3 Nf6 7.Bg2 Be7 8.O-O O-O
9.b3 Bg4 10.Bb2 a6 11.dxc5 Bxc5 12.Rc1 d4 13.Na4 Ba7 14.Nc5 Qe7 15.Nd3 Rfe8
16.Re1 Rad8 17.Rc4 Ne4 18.Qc1 Qd7 19.Qf4 Bb8 20.Qc1 Ba7 21.Kf1 h6 22.Qf4 Bb8
23.Qc1 Ba7 24.Kg1 Re7 25.Rxc6 bxc6 26.Nfe5 Rxe5 27.Nxe5 Qf5 28.Nxg4 Qxg4
29.Qf4 Qxf4 30.gxf4 f5 31.Rd1 d3 32.e3 Bb6 33.Bf1 d2 34.Bxa6 Ba5 35.f3 Nc3
36.Bxc3 Bxc3 37.Bc4+ Kf8 38.Kf2 Ke7 39.Ke2 Bb4 40.a4 Kf6 41.e4 fxe4 42.fxe4 Rd4
43.Bd3 g5 44.Ke3 Rd8 45.e5+ Ke6 46.Ke4 gxf4 47.Bc4+ Ke7 48.Kxf4 Rd4+ 49.Ke3 Rh4
50.Be2 Rxh2 51.Bf3 Bc5+ 52.Ke4 Bb4 53.Kf4 Rh4+ 54.Kf5 Rh3 55.Kg4 Rxf3 56.Kxf3 Ke6
57.Ke2 Kxe5 58.Rh1 Kd4 59.Rh3 c5 60.Rd3+ Ke4 61.Rh3 Kd4 62.Kd1 c4 63.Rh4+ Kc3
64.bxc4 Kb3 65.c5 Bxc5 66.a5  1-0

[Event "Sakkozo Magyarok World Meeting"]
[Site "Lakitelek HUN"]
[Date "2011.08.06"]
[Round "1.27"]
[White "Pilisi,L"]
[Black "Meszaros,Edmond Vilmos"]
[Result "1-0"]
[WhiteElo "1960"]
[BlackElo "1664"]

1.c4 e6 2.Nf3 d5 3.cxd5 exd5 4.d3 Nf6 5.g3 g6 6.Bg2 Bg7 7.O-O O-O 8.Nc3 Nc6
9.Bf4 Be6 10.Qd2 Qd7 11.Bh6 Bh3 12.Bxg7 Kxg7 13.Rfe1 Bxg2 14.Kxg2 Rad8 15.Rac1 Rfe8
16.Nb5 a6 17.Nbd4 Nxd4 18.Nxd4 c6 19.b4 Ng8 20.Qb2 f6 21.a4 Rc8 22.Rc2 Qd6
23.e3 b5 24.Rec1 Ne7 25.Rc5 Qe5 26.Qb3 Qd6 27.Qb2 Qe5 28.axb5 cxb5 29.Qa3 Qd6
30.h4 Qb6 31.Qa2 Qb7 32.Ne6+ Kh6 33.Qd2 Rg8 34.e4+ g5 35.hxg5+ fxg5 36.Rh1+ Kg6
37.Qxg5+ Kf7 38.Qe5 Ke8 39.Rxh7 Kd7 40.Rxd5+  1-0

[Event "Arad Open A"]
[Site "Arad ROU"]
[Date "2011.08.07"]
[Round "4"]
[White "Jianu,V"]
[Black "Pop,A"]
[Result "1-0"]
[WhiteElo "2518"]
[BlackElo "2116"]

1.c4 e6 2.Nf3 d5 3.d4 c5 4.cxd5 exd5 5.g3 Nc6 6.Bg2 Nf6 7.Nc3 Be7 8.O-O O-O
9.dxc5 Bxc5 10.Na4 Be7 11.b3 Bg4 12.Bb2 Re8 13.Rc1 Rc8 14.a3 Ne4 15.b4 Bf6
16.Bxf6 Qxf6 17.h3 Be6 18.Nc5 Nc3 19.Qd3 d4 20.Nxe6 fxe6 21.Kh2 Qf5 22.Rfe1 a5
23.bxa5 Qxa5 24.e3 Qxa3 25.Ng5 g6 26.exd4 Nb4 27.Qf3 Rf8 28.Qxb7  1-0

[Event "Politiken Cup"]
[Site "Helsingor DEN"]
[Date "2011.08.07"]
[Round "10.15"]
[White "Bu Xiangzhi"]
[Black "Lindberg,Be"]
[Result "1-0"]
[WhiteElo "2675"]
[BlackElo "2391"]

1.c4 e6 2.Nf3 d5 3.d4 Nf6 4.Nc3 Be7 5.Bg5 h6 6.Bxf6 Bxf6 7.Qb3 dxc4 8.Qxc4 O-O
9.e3 b6 10.Be2 Bb7 11.O-O Nd7 12.Rfd1 a6 13.a4 c5 14.d5 Re8 15.dxe6 Rxe6
16.Nd5 Bc6 17.Qb3 Qc8 18.Bc4 Qb7 19.Nf4 Re7 20.Ng6 Bxf3 21.Nxe7+ Bxe7 22.Bxf7+  1-0

[Event "Politiken Cup"]
[Site "Helsingor DEN"]
[Date "2011.08.07"]
[Round "10.5"]
[White "Hansen,SuB"]
[Black "Radulski,J"]
[Result "0-1"]
[WhiteElo "2574"]
[BlackElo "2556"]

1.c4 e6 2.Nf3 d5 3.g3 Nf6 4.Bg2 Be7 5.O-O O-O 6.b3 a5 7.Nc3 Nbd7 8.Bb2 Nb6
9.cxd5 exd5 10.a3 a4 11.b4 Nc4 12.Bc1 Ne4 13.Nb5 Bf6 14.Ra2 c6 15.Nbd4 Bg4
16.Rc2 Qb6 17.e3 Bxd4 18.exd4 Ng5 19.d3 Nxf3+ 20.Bxf3 Bxf3 21.Qxf3 Nd6 22.Bb2 Rfe8
23.Rcc1 Qd8 24.Qg4 Qe7 25.Rc2 Nb5 26.Kg2 Rad8 27.Rd2 Rd6 28.Qd1 Rh6 29.Qxa4 Qe6
30.f4 Nd6 31.Bc1 Nf5 32.Rdf2 Nxg3 33.hxg3 Qh3+ 34.Kf3 Rg6  0-1

[Event "112th US Open"]
[Site "Orlando USA"]
[Date "2011.08.07"]
[Round "9"]
[White "Angel,An"]
[Black "Xu,Grant Y"]
[Result "0-1"]
[WhiteElo "1962"]
[BlackElo "2123"]

1.Nf3 e6 2.c4 d5 3.cxd5 exd5 4.d4 c6 5.Nc3 Bb4 6.a3 Bxc3+ 7.bxc3 Nf6 8.Bg5 Qa5
9.Bd2 Ne4 10.e3 Bg4 11.Be2 O-O 12.h3 Bxf3 13.Bxf3 Re8 14.O-O Nd7 15.Be1 Qd8
16.Be2 b5 17.f3 Nd6 18.Bd2 Nf5 19.Qc1 Qe7 20.Bd3 Ng3 21.Re1 f5 22.a4 a6 23.axb5 axb5
24.Qc2 g6 25.Qb2 Nb6 26.Rxa8 Rxa8 27.Ra1 Na4 28.Qb4 Qxb4 29.cxb4 Re8 30.Kf2 Nh5
31.Bc2 Nb2 32.Bc1 Nc4 33.Ra7 Ng7 34.Bd3 Ne6 35.g3 Ng5 36.h4 Nf7 37.Ke2 Kf8
38.Kf2 Re7 39.Ra8+ Kg7 40.Ra6 Nd8 41.Ra8 Rd7 42.h5 Nd6 43.hxg6 hxg6 44.Kg2 Kf6
45.Kf2 Ke7 46.Kg2 Ne6 47.Kf2 Rd8 48.Rxd8 Kxd8 49.g4 Ke7 50.Kg3 Kf6 51.f4 Ne4+
52.Bxe4 dxe4 53.g5+ Ke7 54.Kf2 Kd6 55.Ke2 Kd5 56.Bd2 Kc4 57.Kd1 Kd3 58.Kc1 Nc7
59.Kd1 Nd5 60.Ke1 Nxe3  0-1

[Event "Sakkozo Magyarok World Meeting"]
[Site "Lakitelek HUN"]
[Date "2011.08.08"]
[Round "3.18"]
[White "Palasti,F"]
[Black "Karpati,G"]
[Result "1-0"]
[WhiteElo "1989"]
[BlackElo "1811"]

1.Nf3 e6 2.c4 d5 3.d4 c6 4.Nc3 Nf6 5.Bg5 Bd6 6.e3 O-O 7.c5 Be7 8.b4 b5 9.a4 bxa4
10.Rxa4 Ne8 11.Bf4 Bb7 12.Qa1 a6 13.b5 cxb5 14.Bxb5 axb5 15.Rxa8 Bxa8 16.Qxa8 Nc7
17.Qa5 Nba6 18.Nxb5 Nxb5 19.Qxb5 Qc8 20.O-O Nc7 21.Qc6 Na6 22.Qxc8 Rxc8 23.Rb1 Bxc5
24.dxc5 Rxc5 25.g4 h6 26.Rb6 Ra5 27.g5 hxg5 28.Nxg5 g6 29.Be5 Ra4 30.h3 Kf8
31.Rb7 Nc5 32.Bd6+  1-0

[Event "27th Geraadsbergen Open"]
[Site "Geraadsbergen BEL"]
[Date "2011.08.11"]
[Round "1"]
[White "Goormachtigh,J"]
[Black "Lallemand,Paul"]
[Result "1-0"]
[WhiteElo "2237"]
[BlackElo "1710"]

1.c4 e6 2.Nf3 d5 3.g3 Nf6 4.Bg2 c5 5.O-O Nc6 6.cxd5 exd5 7.d4 Be7 8.Nc3 O-O
9.Bg5 Be6 10.dxc5 Bxc5 11.Bxf6 Qxf6 12.Nxd5 Bxd5 13.Qxd5 Bb6 14.Qb3 Na5 15.Qb4 Rac8
16.Rac1 Nc6 17.Qb5 Rfe8 18.e3 h6 19.Rfd1 Qe6 20.b3 Rcd8 21.Rxd8 Rxd8 22.Qc4 Qf6
23.h4 Na5 24.Qc3 Rd1+ 25.Kh2 Rxc1 26.Qxc1 Nc6 27.Qd2 Qe7 28.Qd5 Bc5 29.a4 Nb4
30.Qc4 b6 31.Kg1 Bd6 32.Nd4 Bc5 33.Bf3 Qf6 34.Kg2 a5 35.h5 Qe5 36.Ne2 Qd6
37.Nf4 Kf8 38.Bd5 Qc7 39.Qe4 Qd6 40.Bc4 Qc6 41.Kf3 Qxe4+ 42.Kxe4 Ke7 43.Nh3 Nc6
44.f4 Nb8 45.Bb5 Kd6 46.g4 Nc6 47.Bxc6 Kxc6 48.g5 hxg5 49.Nxg5 f6 50.Ne6  1-0

[Event "RTU Open A"]
[Site "Riga LAT"]
[Date "2011.08.13"]
[Round "7"]
[White "Ehlvest,J"]
[Black "Sveshnikov,V"]
[Result "1-0"]
[WhiteElo "2583"]
[BlackElo "2407"]

1.c4 e6 2.Nf3 d5 3.d4 Nf6 4.Nc3 c6 5.cxd5 exd5 6.Qc2 Be7 7.Bg5 Nbd7 8.e3 h6
9.Bf4 Nh5 10.Be5 Nxe5 11.dxe5 g6 12.Bd3 O-O 13.O-O Ng7 14.h3 Nf5 15.Rad1 Qb6
16.Ne2 Bc5 17.Kh1 Re8 18.Ned4 Ng7 19.a3 a5 20.Ne2 Be7 21.Nc3 Rd8 22.Qc1 Kh7
23.Bc2 Be6 24.Nd4 c5 25.Nxe6 Qxe6 26.Rxd5 Rxd5 27.Bb3 Qxe5 28.f4 Qd6 29.Bxd5 Nf5
30.Rd1 Qf6 31.Ne4 Qg7 32.Bxb7 Rd8 33.Rxd8 Bxd8 34.Bc8 Ne7 35.Qd2 Bb6 36.Ba6 Nf5
37.Bc4 a4 38.Kh2 Bc7 39.Kg1 Bb8 40.g4 Nh4 41.Qd8 Nf3+ 42.Kf2  1-0

[Event "XX TCh-MKD"]
[Site "Struga MKD"]
[Date "2011.08.14"]
[Round "7"]
[White "Jankov,D"]
[Black "Hristovski,S"]
[Result "1-0"]
[WhiteElo "2221"]
[BlackElo "2145"]

1.c4 e6 2.Nf3 d5 3.d4 Nf6 4.e3 Be7 5.Bd3 O-O 6.O-O b6 7.Qc2 Bb7 8.Nbd2 Nbd7
9.e4 dxe4 10.Nxe4 Nxe4 11.Bxe4 Bxe4 12.Qxe4 Nf6 13.Qe2 c5 14.Rd1 cxd4 15.Nxd4 Qc7
16.b3 Rfd8 17.Bb2 h6 18.h3 Rac8 19.Rd3 Qf4 20.Rad1 Qc7 21.Nb5 Qb8 22.Be5 Qa8
23.Nd6 Bxd6 24.Bxf6 gxf6 25.Rxd6 Rxd6 26.Rxd6 Rd8 27.Qg4+ Kf8 28.Qd4 Rxd6
29.Qxd6+ Kg7 30.f3 Qb7 31.b4 Qa6 32.c5 Qc4 33.cxb6 axb6 34.Qxb6 Qxa2 35.Qc5 Qa3
36.Kh2 e5 37.Qc4 Qa4 38.f4 h5 39.fxe5 fxe5 40.Qc5 Qe8 41.b5 e4 42.Kg1 Qd7
43.b6 Qd3 44.Kh2 h4 45.Qe5+ f6 46.Qc7+  1-0

[Event "Botvinnik Mem Senior"]
[Site "Suzdal RUS"]
[Date "2011.08.15"]
[Round "2"]
[White "Taimanov,M"]
[Black "Bykhovsky,An RUS"]
[Result "1/2-1/2"]
[WhiteElo "2386"]
[BlackElo "2354"]

1.c4 e6 2.Nf3 d5 3.b3 Nf6 4.Bb2 Be7 5.e3 O-O 6.Nc3 c5 7.d4 Nc6 8.Be2 cxd4
9.exd4 Ne4 10.O-O Nxc3 11.Bxc3 b6 12.Qc2 Bf6 13.Rfd1 Qe7 14.Ne5 Bb7 15.Bf3 Rac8
16.Ng4 Rfd8 17.cxd5 Nxd4 18.Nxf6+ Qxf6 19.Bxd4 Qxf3 20.Qxc8 Qxd1+ 21.Rxd1 Bxc8
22.dxe6 Bxe6 23.f3 f6 24.Kf2 Re8  1/2-1/2

[Event "10th Lichtenberger Sommer"]
[Site "Berlin GER"]
[Date "2011.08.17"]
[Round "5.78"]
[White "Scholz,Ra"]
[Black "Rausch,E"]
[Result "0-1"]
[WhiteElo "1896"]
[BlackElo "1821"]

1.c4 e6 2.Nf3 d5 3.e3 Nf6 4.b3 Bd6 5.Bb2 O-O 6.Qc2 Nbd7 7.d4 c6 8.Bd3 h6
9.Nbd2 Re8 10.Ne5 Nf8 11.O-O Qc7 12.Ndf3 Bd7 13.h4 Rac8 14.g4 h5 15.gxh5 Nxh5
16.Ng5 f5 17.Ngf7 Bxe5 18.Nxe5 Qd8 19.Kg2 Re7 20.Ba3 Re8 21.Rh1 Nh7 22.Rag1 N7f6
23.f3 Kh7 24.Kf1 Rg8 25.Nf7 Qa5 26.Bd6 Be8 27.Ng5+ Kh8 28.Nxe6 Bf7 29.Bxf5 Rce8
30.Ng5 Ref8  0-1

[Event "Botvinnik Mem Senior"]
[Site "Suzdal RUS"]
[Date "2011.08.18"]
[Round "9"]
[White "Taimanov,M"]
[Black "Korchnoi,V"]
[Result "1/2-1/2"]
[WhiteElo "2386"]
[BlackElo "2553"]

1.c4 e6 2.Nf3 d5 3.d4 Nf6 4.Nc3 Bb4 5.Bg5 h6 6.Bxf6 Qxf6 7.e3 O-O 8.a3 Bxc3+
9.bxc3 c6 10.Bd3 Nd7 11.O-O e5 12.cxd5 cxd5 13.dxe5 Nxe5 14.Nxe5 Qxe5 15.c4 dxc4
16.Bxc4  1/2-1/2

[Event "10th Lichtenberger Sommer"]
[Site "Berlin GER"]
[Date "2011.08.20"]
[Round "8.21"]
[White "Yin,Z"]
[Black "Noetzel,Fe"]
[Result "0-1"]
[WhiteElo "1990"]
[BlackElo "2090"]

1.c4 e6 2.Nf3 d5 3.b3 f5 4.Bb2 Nf6 5.e3 Bd6 6.Nc3 c6 7.d4 O-O 8.Bd3 Ne4 9.O-O Nd7
10.Qe2 Rf6 11.Ne5 Rh6 12.f4 Bxe5 13.Bxe4 Bxd4 14.exd4 fxe4 15.f5 exf5 16.cxd5 Nf6
17.Bc1 Rg6 18.dxc6 Qxd4+ 19.Qe3 Qxe3+ 20.Bxe3 bxc6 21.Ne2 Nd5 22.Bd4 Rd6
23.Bc5 Rf6 24.Nd4 f4 25.Rfe1 e3 26.Rad1 Bb7 27.a4 a5 28.Nc2 g5 29.h3 h5 30.Na3 g4
31.hxg4 hxg4 32.g3 e2 33.Rd4 Re8 34.Nc4 Ba6 35.Bd6 Bxc4 36.bxc4 Nb4 37.Bxb4 axb4
38.c5 b3 39.Rb4 Re3 40.gxf4 g3 41.a5 Rf7 42.Rb8+ Rf8 43.Rb6 Rd8  0-1

[Event "BDO Premier"]
[Site "Haarlem NED"]
[Date "2011.08.20"]
[Round "1.3"]
[White "Bosboom,M"]
[Black "Vaibhav,S"]
[Result "1-0"]
[WhiteElo "2399"]
[BlackElo "2430"]

1.c4 e6 2.Nf3 d5 3.e3 Nf6 4.a3 Be7 5.g4 O-O 6.Rg1 c5 7.b4 b6 8.Bb2 Bb7 9.g5 Ne4
10.d3 Nd6 11.Nbd2 Nd7 12.Qc2 Re8 13.h4 Bf8 14.h5 e5 15.cxd5 Bxd5 16.e4 Bb7
17.Bh3 Nb5 18.g6 Nd6 19.Ng5 Re7 20.Nc4 Nf6 21.Nxe5 fxg6 22.hxg6 h6 23.Ngf7 Qc7
24.Qb3 c4 25.dxc4 Ndxe4 26.O-O-O Rc8 27.c5 bxc5 28.Nxh6+ Kh8 29.Nef7+ Rxf7
30.Nxf7+ Kg8 31.Bxc8 Bxc8 32.Nh6+ Kh8 33.Qg8+ Nxg8 34.Nf7+ Qxf7 35.gxf7 Bf5
36.Rh1+ Bh7 37.Rd8  1-0